Destroyed or demolished buildings and heritage - Statistics

General Stats
  • This quiz has been taken 41 times
  • The average score is 5 of 16
Answer Stats
Year Country Type How it was destroyed? Answer % Correct
2019 France Building Fire Notre-Dame
92%
2001 USA Building Attack by Al Qaeda World Trade Center
86%
2001 Afghanistan Monument Attack by the Taliban Buddhas of Bamyan
49%
226 BC Greece Monument Earthquake Colossus of Rhodes
49%
272 Egypt Building Fire, by Roman forces Library of Alexandria
49%
1303 Egypt Monument Earthquake Lighthouse of Alexandria
32%
2002 UK Stadium Demolished Wembley
32%
5th century Greece Monument Disassembled Statue of Zeus at Olympia
27%
1973 Niger Nature Hit by drunk driver Tree of Ténéré
24%
2009 USA Stadium Demolished Yankee Stadium
24%
12-15th centuries Turkey Building Earthquakes Mausoleum at Halicarnassus
16%
2015 Syria Monument Attack by Islamic State Temple of Bel
14%
1936 UK Building Fire (Hint: football team) The Crystal Palace
11%
1950 Germany Building Demolished by government Berlin Palace
3%
2017 Malta Natural Storm Azure Window
0%
2011 Bahrain Monument Dismantled by government Pearl Roundabout
0%
No matching quizzes found
Score Distribution
Percent of People with Each Score
Percentile by Number Answered
Your Score History
You have not taken this quiz